000
00368nam a22001457a 4500
008
230227b |||||||| |||| 00| 0 eng d
020
_a
978-1-83885-965-7
082
_a
158.1
100
_a
Matt Haig
245
_a
The Comfort Book
_c
Matt Haig
260
_b
Canongate Books
_c
2022
300
_a
260 p.
_c
18.3 cm
942
_2
ddc
999
_c
9332
_d
9333